000 00507nam a22001817i 4500
001 3966
003 OSt
005 20170126082325.0
007 tu
008 161220s1998 xxu||||| |||| 00| 0 d
024 7 _a3965
_2RID
040 _cOSt
100 1 _aShams, Rasul
245 0 0 _a"Natural Integration": A New Approach to Integration Policy in Developing Countries
260 _aHamburg :
_bHWWA-Institut für Wirtschaftsforschung,Hamburg,
_c1998.
300 _a21 S. ;
_c30cm.
490 _aHWWA-Diskussionspapier
_v61
942 _cB
999 _c3898
_d3898